133 her pro motivaci a rozvoj týmů /

Salvato in:
Dettagli Bibliografici
Autori principali: Evangelu, Jaroslava Ester (Autore), Fridrich, Oldřich (Autore)
Natura: Libro
Lingua:ceco
Pubblicazione: Praha Grada 2011
Edizione:2. rozšír. vyd.
Soggetti:
Tags: Aggiungi Tag
Nessun Tag, puoi essere il primo ad aggiungerne!!

MARC

LEADER 00000nam a22000003a 4500
001 0091803
003 SK-STU
005 20211129084510.9
007 ta
008 211129s ----xo-----e------000-0-----d
020 |a 978-80-247-7119-9 
040 |a STU  |b slo 
041 0 |a cze 
044 |a xr 
100 1 |a Evangelu, Jaroslava Ester  |4 aut 
245 1 0 |a 133 her pro motivaci a rozvoj týmů /  |c aut. Jaroslava Ester Evangelu, Oldřich Fridrich 
250 |a 2. rozšír. vyd. 
260 |a Praha  |b Grada  |c 2011 
300 |a 176 s. 
650 0 7 |a manažment 
650 0 7 |a leadership 
700 1 |a Fridrich, Oldřich  |4 aut 
996 |b DigP-398  |c M* DigP-398  |l MMKN  |s A  |a 24  |w 0091803_0001